Vizuálne analýzy veľkých objemov dát

Salvato in:
Dettagli Bibliografici
Autore principale: Štajer, Andrej (Autore)
Altri autori: Rozinajová, Viera (Relatore della tesi)
Natura: Manoscritto Libro
Lingua:slovacco
Pubblicazione: 2015
Soggetti:
Accesso online:http://is.stuba.sk/zp/portal_zp.pl?podrobnosti=110117
Tags: Aggiungi Tag
Nessun Tag, puoi essere il primo ad aggiungerne!!

MARC

LEADER 00000ntm a22000003a 4500
001 stuzp53703
003 SK-STU
005 20160719154540.2
007 ta
008 150427s2015----xo-----f-mn---000-0-slo-d
040 |a STU  |b slo 
041 0 |a slo 
044 |a xo 
100 1 |a Štajer, Andrej  |u 070200  |4 aut  |U FIIT Fakulta informatiky a informačných technológií  |T FIIT Ústav informatiky a softvérového inžinierstva  |X 5764  |U I200  |Y 179  |7 A000005764 
242 0 1 |a Visual analytics of big data  |y eng 
245 1 0 |a Vizuálne analýzy veľkých objemov dát 
260 |c 2015 
300 |a 80 s.  |e CD-ROM 
650 4 |a Dolovanie v dátach  |2 slo 
650 4 |a Vizuálna analytika  |2 slo 
650 4 |a Spotreba energie  |2 slo 
650 4 |a Data mining  |2 eng 
650 4 |a Visual analytics  |2 eng 
650 4 |a Energy consumtion  |2 eng 
700 1 |a Rozinajová, Viera  |4 ths  |X 110  |7 110 
856 4 |u http://is.stuba.sk/zp/portal_zp.pl?podrobnosti=110117 
996 |b 284ID00050  |c I* DP49/15  |l II680  |s P  |a 0  |w stuzp53703_0001 
SQL |a stuzp53703  |b DDP  |c SLO  |d Vizuálne analýzy veľkých objemov dát  |e 5764  |f Štajer, Andrej  |g 070200  |h 110  |i Rozinajová, Viera  |j 20150610  |k 205  |l 07  |m http://is.stuba.sk/zp/portal_zp.pl?podrobnosti=110117  |n I-IS2  |o 9.2.6. informačné systémy